000 00671nam a22002057a 4500
003 OSt
005 20150408114132.0
008 130425s 2001xxu||||g |||| 00| 0 eng d
040 _aMa-ua
082 _221
_a401.41072
_b401.9
245 _aCognition and second language instruction /
_cedited by Peter Robinson.
260 _aCambridge :
_bCambridge University Press,
_c2001.
490 _aThe Cambridge applied linguistics series
504 _aIncludes bibliographical references and index.
650 _aPsycholinguistics.
_98211
650 _aSecond language acquisition.
650 _aCognition.
700 _aRobinson, Peter, -
_d1956
_935630
942 _2ddc
_cBOOK
999 _c29863
_d264363